| 000 -LEADER |
| fixed length control field |
01086nam a22002297a 4500 |
| 003 - CONTROL NUMBER IDENTIFIER |
| control field |
OSt |
| 005 - DATE AND TIME OF LATEST TRANSACTION |
| control field |
20260122200430.0 |
| 008 - FIXED-LENGTH DATA ELEMENTS--GENERAL INFORMATION |
| fixed length control field |
230606b ||||| |||| 00| 0 eng d |
| 040 ## - CATALOGING SOURCE |
| Transcribing agency |
SSBUL |
| 041 ## - LANGUAGE CODE |
| Language code of text/sound track or separate title |
Shan |
| 082 ## - DEWEY DECIMAL CLASSIFICATION NUMBER |
| Edition number |
23 |
| Classification number |
959.195919 |
| 100 0# - MAIN ENTRY--PERSONAL NAME |
| Personal name |
သၢင်ႇဢၢႆႈ၊ |
| Titles and words associated with a name |
ၸၢႆး။ |
| 245 10 - TITLE STATEMENT |
| Title |
ၶိူဝ်းႁိူၼ်းသိူဝ်လႄႈ ၶမ်းတီႈ တႆးလႅင် - ဆိုမိသားစုနှင့် ခမ်းတီတိုင်းလိုင် - |
| Remainder of title |
ၵိုၵ်းပႃးပုၵ်ႉပုမ်ႇၶိူဝ်းတႆး / |
| Statement of responsibility, etc. |
ၸၢႆးသၢင်ႇဢၢႆႈ။ |
| 260 ## - PUBLICATION, DISTRIBUTION, ETC. |
| Place of publication, distribution, etc. |
တႃႈၵုင်ႈ၊ |
| Name of publisher, distributor, etc. |
မွၵ်ႇၵူႇသွႆႈလႅင်၊ |
| Date of publication, distribution, etc. |
1998 ။ |
| 300 ## - PHYSICAL DESCRIPTION |
| Extent |
481 ၊ 60 ၼႃႈ၊ |
| Dimensions |
18 ၸိၼ်ႇတီႇ။ |
| 500 ## - GENERAL NOTE |
| General note |
S-SAT: Dr. Prof Sai Aung Tun |
|
| General note |
တႆး - မၢၼ်ႈ သွင်ၽႃႇသႃႇ |
| 650 ## - SUBJECT ADDED ENTRY--TOPICAL TERM |
| Topical term or geographic name entry element |
ပိုၼ်းတႆး - တႆးလႅင် |
| 942 ## - ADDED ENTRY ELEMENTS (KOHA) |
| Koha item type |
Books (Long term) |
| 100 0# - MAIN ENTRY--PERSONAL NAME |
| 9 (RLIN) |
25278 |
| 650 ## - SUBJECT ADDED ENTRY--TOPICAL TERM |
| 9 (RLIN) |
25279 |
|
| Source of classification or shelving scheme |
|
|
| Source of classification or shelving scheme |
|